| 000 | 00428nam a22001577a 4500 | ||
|---|---|---|---|
| 003 | LK-CoMWRAF | ||
| 005 | 20240217000242.0 | ||
| 008 | 231211b |||||||| |||| 00| 0 eng d | ||
| 020 | _a9556250174 | ||
| 040 |
_aLK-CoMWRAF _dLK-CoMWRAF _eLK-CoMWRAF |
||
| 041 | _atam | ||
| 082 |
_a306.48 _bTIR |
||
| 245 | _aதிருமணம் | ||
| 260 |
_aColombo : _bMuslim Women's Research and Action Forum - MWRAF, _c2002 |
||
| 942 | _cBK | ||
| 999 |
_c4351 _d4351 |
||